000 00453nam a2200169Ia 4500
003 GCL
008 140319s9999 xx 000 0 eng d
040 _aGCL /
_cGCL
082 0 4 _a708
_bJ I
100 1 _aTHE JAPAN FOUNDATION
245 1 0 _aIKUO HIRAYAMA EXHIBITION: THE SILK ROAD /
_cTHE JAPAN FOUNDATION
260 _a[S.N] :
_bTHE JAPAN FOUNDATION ،
_c1976
650 0 4 _aPAINTING
650 0 4 _aSILK ART
650 0 4 _aEXHIBITION
942 _2ddc
_cBK
999 _c20638
_d20638